[Event "Oberliga Ost A 2016 2017"]
[Site "Germany"]
[Date "2017.03.19"]
[Round "8.8"]
[White "Rudolf, Matthias"]
[Black "Seibicke, Ralf"]
[Result "1/2-1/2"]
[WhiteElo "2069"]
[BlackElo "2103"]
[PlyCount "58"]
[EventDate "2016.10.16"]
[EventType "team-tourn"]
[EventCountry "GER"]
[WhiteTeam "Dresden SG Gruen Weiss"]
[BlackTeam "Magdeburg SV Rochade"]
[WhiteTeamCountry "GER"]
[BlackTeamCountry "GER"]

1. e4 c6 2. d4 d5 3. f3 dxe4 4. fxe4 e5 5. Nf3 exd4 6. Bc4 Nf6 7. O-O Bc5 8.
Ng5 Bg4 9. Qd3 O-O 10. Kh1 Bh5 11. e5 Bg6 12. Qb3 Nd5 13. Qxb7 Qb6 14. Qxb6
Nxb6 15. Bb3 h6 16. Nh3 Re8 17. Nf4 Kh7 18. Nxg6 fxg6 19. e6 Na6 20. Bf4 Be7
21. Be5 c5 22. Rf7 Bf8 23. Nd2 Nb4 24. Re1 Nc6 25. Bg3 Be7 26. Nc4 Bf6 27. Bd6
Nd8 28. Rc7 Nxe6 29. Rc6 Nd7 1/2-1/2

[Event "Oberliga Ost A 2016 2017"]
[Site "Germany"]
[Date "2017.03.19"]
[Round "8.1"]
[White "Wegener, Dirk"]
[Black "Gering, Samuel"]
[Result "1-0"]
[WhiteElo "2349"]
[BlackElo "2079"]
[PlyCount "75"]
[EventDate "2016.10.16"]
[EventType "team-tourn"]
[EventCountry "GER"]
[WhiteTeam "Dresden USV TU II"]
[BlackTeam "Naumburger SV"]
[WhiteTeamCountry "GER"]
[BlackTeamCountry "GER"]

1. e4 g6 2. d4 Bg7 3. Be3 d6 4. Bd3 a6 5. Ne2 Nd7 6. O-O c5 7. c3 Ngf6 8. h3 b6
9. f4 e6 10. Nd2 O-O 11. g4 Ne8 12. Nf3 Nc7 13. Ng3 e5 14. dxe5 dxe5 15. f5 b5
16. Bc2 Qe7 17. Qd2 f6 18. Rad1 g5 19. h4 h6 20. Nh5 Rf7 21. hxg5 hxg5 22. Qd6
Qxd6 23. Rxd6 Ne8 24. Rd2 Bf8 25. Rfd1 Nb6 26. Bb3 Nc4 27. Bxc4 bxc4 28. Rd8
Ng7 29. Bxc5 Nxh5 30. gxh5 Bb7 31. Nh2 Bxe4 32. Rxa8 Bxa8 33. Rd8 Be4 34. Ng4
Bxf5 35. Nh6+ Kh7 36. Bxf8 Rxf8 37. Rxf8 Kxh6 38. Rxf6+ 1-0

[Event "Oberliga Ost A 2016 2017"]
[Site "Germany"]
[Date "2017.03.19"]
[Round "8.2"]
[White "Heinrich, Julius Tobias"]
[Black "Gungl, Theo"]
[Result "1-0"]
[WhiteElo "2055"]
[BlackElo "2326"]
[PlyCount "91"]
[EventDate "2016.10.16"]
[EventType "team-tourn"]
[EventCountry "GER"]
[WhiteTeam "Naumburger SV"]
[BlackTeam "Dresden USV TU II"]
[WhiteTeamCountry "GER"]
[BlackTeamCountry "GER"]

1. e4 c5 2. c3 d5 3. exd5 Qxd5 4. d4 Nf6 5. Nf3 Bg4 6. Be2 e6 7. O-O Nc6 8. Be3
cxd4 9. cxd4 Bb4 10. Nc3 Qd6 11. Nb5 Qe7 12. Ne5 Bxe2 13. Qxe2 O-O 14. Bg5 Rfd8
15. Rfd1 Rd5 16. Bxf6 gxf6 17. Nxc6 bxc6 18. Nc3 Bxc3 19. bxc3 c5 20. c4 Rxd4
21. Rxd4 cxd4 22. Qg4+ Kf8 23. Qxd4 Rc8 24. h3 e5 25. Qh4 Qe6 26. Rc1 Qf5 27.
c5 e4 28. Qh6+ Kg8 29. Rc3 Kh8 30. c6 Qg5 31. Qxg5 fxg5 32. Rc5 h6 33. Kf1 f5
34. Ke2 f4 35. g3 Kg7 36. gxf4 gxf4 37. Rc4 Kg6 38. f3 e3 39. Rxf4 Rxc6 40. Ra4
a6 41. Kxe3 Kg5 42. f4+ Kh4 43. f5+ Kg5 44. Ke4 h5 45. h4+ Kxh4 46. Kd5+ 1-0

[Event "Oberliga Ost A 2016 2017"]
[Site "Germany"]
[Date "2017.03.19"]
[Round "8.3"]
[White "Kukel, Imre"]
[Black "Fritsch, Andreas"]
[Result "0-1"]
[WhiteElo "2251"]
[BlackElo "2066"]
[PlyCount "118"]
[EventDate "2016.10.16"]
[EventType "team-tourn"]
[EventCountry "GER"]
[WhiteTeam "Dresden USV TU II"]
[BlackTeam "Naumburger SV"]
[WhiteTeamCountry "GER"]
[BlackTeamCountry "GER"]

1. e4 Nc6 2. d4 e5 3. dxe5 Nxe5 4. Nf3 Qf6 5. Be2 Bb4+ 6. c3 Bc5 7. O-O Nxf3+
8. Bxf3 Ne7 9. Nd2 d6 10. Nc4 Be6 11. e5 dxe5 12. Bxb7 Rb8 13. Qa4+ Bd7 14. Qa6
Qxa6 15. Bxa6 f6 16. b4 Bb6 17. a4 c6 18. Nd6+ Kf8 19. a5 Bc7 20. Ne4 Nd5 21.
Ba3 Kf7 22. Bc4 Bf5 23. Nc5 Kg6 24. Na6 Rbc8 25. Nxc7 Rxc7 26. b5 Nxc3 27. b6
Rd7 28. Rfc1 Nd5 29. bxa7 Rxa7 30. Bc5 Raa8 31. a6 Rhd8 32. a7 h5 33. h4 Nf4
34. Bb6 Rd7 35. Ra3 Nd5 36. Bc5 Nf4 37. Rg3+ Kh7 38. Rb3 Rdxa7 39. Bxa7 Rxa7
40. Rb8 Be6 41. Bf1 Bd5 42. g3 Ne6 43. Bd3+ g6 44. Rcb1 f5 45. R1b7+ Rxb7 46.
Rxb7+ Kh6 47. Rb8 Nd4 48. Kf1 g5 49. Rh8+ Kg6 50. hxg5 Kxg5 51. Be2 Nxe2 52.
Kxe2 f4 53. Re8 fxg3 54. fxg3 Kg4 55. Rxe5 Kxg3 56. Rg5+ Kf4 57. Rg7 h4 58. Kf2
h3 59. Rb7 h2 0-1

[Event "Oberliga Ost A 2016 2017"]
[Site "Germany"]
[Date "2017.03.19"]
[Round "8.4"]
[White "Haertig, Jens"]
[Black "Salzmann, Peter"]
[Result "1/2-1/2"]
[WhiteElo "2137"]
[BlackElo "2136"]
[PlyCount "76"]
[EventDate "2016.10.16"]
[EventType "team-tourn"]
[EventCountry "GER"]
[WhiteTeam "Naumburger SV"]
[BlackTeam "Dresden USV TU II"]
[WhiteTeamCountry "GER"]
[BlackTeamCountry "GER"]

1. c4 g6 2. Nc3 Bg7 3. g3 c5 4. Bg2 Nc6 5. e3 d6 6. Nge2 e5 7. O-O Nge7 8. a3
O-O 9. Rb1 f5 10. d3 h6 11. b4 cxb4 12. axb4 a5 13. bxa5 Rxa5 14. Bd2 Ra8 15.
Qb3 Kh7 16. Rfc1 Rb8 17. Nd5 Nxd5 18. cxd5 Ne7 19. Qb6 Ra8 20. Qb3 g5 21. f4
gxf4 22. exf4 Ng6 23. Kh1 Re8 24. Re1 h5 25. d4 e4 26. Qb6 Ne7 27. Qb5 Qd7 28.
Qb3 b6 29. Be3 Ba6 30. Nc3 Bd3 31. Rb2 Rec8 32. Bf1 Bxf1 33. Rxf1 Qb7 34. Nb5
Qxd5 35. Qb4 Rc6 36. Qd2 Ra5 37. Qe2 Rc4 38. Qxh5+ Kg8 1/2-1/2

[Event "Oberliga Ost A 2016 2017"]
[Site "Germany"]
[Date "2017.03.19"]
[Round "8.5"]
[White "Ledfuss, Guntram"]
[Black "Ruemmler, Roland"]
[Result "1/2-1/2"]
[WhiteElo "2064"]
[BlackElo "1952"]
[PlyCount "43"]
[EventDate "2016.10.16"]
[EventType "team-tourn"]
[EventCountry "GER"]
[WhiteTeam "Dresden USV TU II"]
[BlackTeam "Naumburger SV"]
[WhiteTeamCountry "GER"]
[BlackTeamCountry "GER"]

1. d4 Nf6 2. c4 g6 3. Nc3 Bg7 4. e4 d6 5. f4 O-O 6. Nf3 c5 7. d5 Na6 8. Be2 Nc7
9. O-O a6 10. a4 Rb8 11. a5 Bd7 12. Qe1 e6 13. Kh1 exd5 14. cxd5 Re8 15. Nd2
Bb5 16. Rf2 Nd7 17. Qf1 Bxe2 18. Rxe2 Qe7 19. e5 dxe5 20. Nde4 Nb5 21. Nxb5
axb5 22. f5 1/2-1/2

[Event "Oberliga Ost A 2016 2017"]
[Site "Germany"]
[Date "2017.03.19"]
[Round "8.6"]
[White "Wendling, Florian"]
[Black "Clopes Llahi, Judit"]
[Result "1/2-1/2"]
[WhiteElo "1994"]
[BlackElo "2121"]
[PlyCount "69"]
[EventDate "2016.10.16"]
[EventType "team-tourn"]
[EventCountry "GER"]
[WhiteTeam "Naumburger SV"]
[BlackTeam "Dresden USV TU II"]
[WhiteTeamCountry "GER"]
[BlackTeamCountry "GER"]

1. e4 c5 2. Nf3 a6 3. Be2 b5 4. d4 cxd4 5. Nxd4 Bb7 6. Bf3 e6 7. O-O Nc6 8.
Nxc6 dxc6 9. Qe2 Qc7 10. a4 Bd6 11. h3 Ne7 12. c4 b4 13. Be3 a5 14. Re1 O-O 15.
c5 Be5 16. Qc2 Ng6 17. Nd2 Bf4 18. Nc4 Ba6 19. Be2 Bxc4 20. Bxc4 Qe5 21. Bf1
Rfd8 22. Bxf4 Qxf4 23. Rad1 h5 24. Re3 h4 25. Red3 Rxd3 26. Qxd3 Ne5 27. Qe2
Qg5 28. Rd6 Qf4 29. b3 Qc1 30. Qd1 Qxc5 31. Rd8+ Rxd8 32. Qxd8+ Kh7 33. Qxh4+
Kg8 34. Qd8+ Kh7 35. Qh4+ 1/2-1/2

[Event "Oberliga Ost A 2016 2017"]
[Site "Germany"]
[Date "2017.03.19"]
[Round "8.7"]
[White "Ader, Gunter"]
[Black "Muekke, Jens Frieder"]
[Result "1-0"]
[WhiteElo "2023"]
[BlackElo "1969"]
[PlyCount "145"]
[EventDate "2016.10.16"]
[EventType "team-tourn"]
[EventCountry "GER"]
[WhiteTeam "Dresden USV TU II"]
[BlackTeam "Naumburger SV"]
[WhiteTeamCountry "GER"]
[BlackTeamCountry "GER"]

1. e4 e6 2. d4 d5 3. Nc3 Bb4 4. a3 Bxc3+ 5. bxc3 dxe4 6. Qg4 Nf6 7. Qxg7 Rg8 8.
Qh6 Rg6 9. Qd2 b6 10. Ne2 Bb7 11. Nf4 Rg8 12. Bb2 Qd6 13. c4 Nbd7 14. O-O-O
O-O-O 15. Rg1 Qe7 16. Ne2 c5 17. h3 cxd4 18. Nxd4 Nc5 19. Qf4 Nh5 20. Qh6 Qg5+
21. Qxg5 Rxg5 22. g4 Nf4 23. Nb5 Rxd1+ 24. Kxd1 Kd7 25. Nxa7 Na4 26. Bf6 Ra5
27. Nb5 Bc6 28. Nd4 Nc5 29. Rg3 Ba4 30. Kd2 Ke8 31. h4 Nd7 32. Bg7 Ng6 33. h5
Nge5 34. Be2 Ra8 35. Kc3 Nc6 36. Kb2 Na5 37. Nb5 Bxb5 38. cxb5 Rc8 39. Rc3 Nc5
40. Kb1 Rd8 41. Kc1 Rd5 42. Bh6 Nab7 43. Be3 f6 44. Rc4 Na5 45. Rc3 Nab7 46.
Bc4 Rd7 47. Be2 e5 48. f3 exf3 49. Bxf3 e4 50. Be2 Rd5 51. Bc4 Rd7 52. Bf4 Na5
53. Be2 Nab7 54. Re3 Kf7 55. g5 fxg5 56. Bxg5 Na5 57. Rg3 Ne6 58. Bd2 Nb7 59.
Bc4 Nbc5 60. h6 Kf6 61. Be3 Kf5 62. Bf1 Ke5 63. Bh3 Rb7 64. Rg8 Kd5 65. Re8 Rf7
66. Bxe6+ Nxe6 67. c4+ Ke5 68. Bxb6 Rf3 69. Ra8 Rc3+ 70. Kd2 Rxc4 71. Be3 Nc7
72. Ra7 Nxb5 73. Ra5 1-0

[Event "Oberliga Ost A 2016 2017"]
[Site "Germany"]
[Date "2017.03.19"]
[Round "8.8"]
[White "Will, Matthias"]
[Black "Oehl, Tim"]
[Result "1/2-1/2"]
[WhiteElo "2024"]
[BlackElo "2126"]
[PlyCount "74"]
[EventDate "2016.10.16"]
[EventType "team-tourn"]
[EventCountry "GER"]
[WhiteTeam "Naumburger SV"]
[BlackTeam "Dresden USV TU II"]
[WhiteTeamCountry "GER"]
[BlackTeamCountry "GER"]

1. Nf3 e6 2. g3 f5 3. Bg2 Nf6 4. O-O Be7 5. c4 O-O 6. d4 d6 7. b4 a5 8. b5 a4
9. a3 Ne4 10. Bb2 Nd7 11. Nbd2 Nxd2 12. Qxd2 Bf6 13. Rac1 Qe7 14. Qc2 Nb6 15.
c5 Nd5 16. Rfe1 f4 17. Nd2 Bg5 18. Rcd1 Bd7 19. Qc4 Ra5 20. Bxd5 exd5 21. Qxd5+
Kh8 22. cxd6 cxd6 23. Bc3 Rxb5 24. Qe4 fxg3 25. hxg3 Qf7 26. Nf3 Bc6 27. d5
Rxd5 28. Rxd5 Bxd5 29. Qxh7+ Kxh7 30. Nxg5+ Kg6 31. Nxf7 Bxf7 32. Rd1 d5 33.
Rd4 Rc8 34. Rg4+ Kf5 35. Rf4+ Kg6 36. Rg4+ Kf5 37. Rf4+ Kg6 1/2-1/2

[Event "Oberliga Ost A 2016 2017"]
[Site "Germany"]
[Date "2017.03.19"]
[Round "8.1"]
[White "Lechtynsky, Jiri"]
[Black "Schuetze, Norman"]
[Result "1-0"]
[WhiteElo "2354"]
[BlackElo "2322"]
[PlyCount "29"]
[EventDate "2016.10.16"]
[EventType "team-tourn"]
[EventCountry "GER"]
[WhiteTeam "Hoyerswerda FVS ASP"]
[BlackTeam "Loeberitz SG"]
[WhiteTeamCountry "GER"]
[BlackTeamCountry "GER"]

1. Nf3 d5 2. d4 Nf6 3. c4 e6 4. Nc3 Bb4 5. cxd5 exd5 6. Bg5 Qd6 7. Bxf6 Qxf6 8.
Qb3 Nc6 9. e3 O-O 10. Qxd5 Re8 11. Be2 Bg4 12. O-O a6 13. Qg5 Nxd4 14. Qxg4
Bxc3 15. Nxd4 1-0

[Event "Oberliga Ost A 2016 2017"]
[Site "Germany"]
[Date "2017.03.19"]
[Round "8.2"]
[White "Proehl, Holger"]
[Black "Jahnel, Guenther"]
[Result "1-0"]
[WhiteElo "2360"]
[BlackElo "2270"]
[PlyCount "85"]
[EventDate "2016.10.16"]
[EventType "team-tourn"]
[EventCountry "GER"]
[WhiteTeam "Loeberitz SG"]
[BlackTeam "Hoyerswerda FVS ASP"]
[WhiteTeamCountry "GER"]
[BlackTeamCountry "GER"]

1. e4 d6 2. d4 Nf6 3. Bd3 e5 4. dxe5 dxe5 5. Nf3 Nbd7 6. O-O Be7 7. Qe2 O-O 8.
Rd1 c6 9. c3 Qc7 10. Bc2 Nc5 11. h3 a5 12. Nh2 b6 13. Qf3 Ba6 14. Be3 Rfd8 15.
Rxd8+ Rxd8 16. Nd2 Rd7 17. Nhf1 Nd3 18. Rb1 Bc5 19. Ng3 Bxe3 20. Qxe3 Nf4 21.
c4 Qd8 22. Ngf1 c5 23. b3 Ne8 24. Nf3 f6 25. Qe1 Bb7 26. Ne3 Nc7 27. Nd5 Nce6
28. Kh2 Rd6 29. g3 Ng6 30. Bd1 Bc8 31. Rb2 Ne7 32. Rd2 Nc6 33. Nh4 Ned4 34. Qe3
Be6 35. Bg4 Bxg4 36. hxg4 Ne7 37. Nf5 Nexf5 38. gxf5 h6 39. Kg2 b5 40. cxb5
Rxd5 41. exd5 Qxd5+ 42. f3 Qb7 43. a4 1-0

[Event "Oberliga Ost A 2016 2017"]
[Site "Germany"]
[Date "2017.03.19"]
[Round "8.3"]
[White "Kesik, Klaus Dieter"]
[Black "Pallas, Sebastian"]
[Result "0-1"]
[WhiteElo "2220"]
[BlackElo "2225"]
[PlyCount "98"]
[EventDate "2016.10.16"]
[EventType "team-tourn"]
[EventCountry "GER"]
[WhiteTeam "Hoyerswerda FVS ASP"]
[BlackTeam "Loeberitz SG"]
[WhiteTeamCountry "GER"]
[BlackTeamCountry "GER"]

1. d4 Nf6 2. Bg5 e6 3. Nf3 c5 4. c3 d5 5. Nbd2 Nbd7 6. e3 Qc7 7. Bd3 Bd6 8. O-O
O-O 9. e4 dxe4 10. Nxe4 Nxe4 11. Bxe4 e5 12. dxe5 Nxe5 13. Nxe5 Bxe5 14. Qh5 g6
15. Qh4 Re8 16. f4 Bg7 17. f5 Re5 18. fxg6 hxg6 19. Rae1 Qb6 20. Bd8 Qxb2 21.
Bxg6 fxg6 22. Rxe5 Bxe5 23. Qc4+ Kh7 24. Rf7+ Bg7 25. Bf6 Qb1+ 26. Kf2 Qf5+ 27.
Kg3 Qxf6 28. Rxf6 Bxf6 29. Qf7+ Bg7 30. Qe8 b6 31. Qc6 Be5+ 32. Kh4 Rb8 33. g4
Ba6 34. Qd7+ Kh8 35. Kg5 Rg8 36. Kh6 Bg7+ 37. Kxg6 Bxc3+ 38. Kh6 Bg7+ 39. Kh5
Bc8 40. Qxa7 Bf6 41. h3 Be6 42. Kh6 Bg5+ 43. Kh5 Bf6 44. Kh6 Bg7+ 45. Kg5 c4
46. Kf4 c3 47. Qe7 Rf8+ 48. Ke3 c2 49. Kd2 Rc8 0-1

[Event "Oberliga Ost A 2016 2017"]
[Site "Germany"]
[Date "2017.03.19"]
[Round "8.4"]
[White "Niegsch, Nicolas"]
[Black "Graf, Roland"]
[Result "1-0"]
[WhiteElo "2191"]
[BlackElo "2140"]
[PlyCount "73"]
[EventDate "2016.10.16"]
[EventType "team-tourn"]
[EventCountry "GER"]
[WhiteTeam "Loeberitz SG"]
[BlackTeam "Hoyerswerda FVS ASP"]
[WhiteTeamCountry "GER"]
[BlackTeamCountry "GER"]

1. e4 e6 2. d4 d5 3. Nd2 c5 4. Ngf3 cxd4 5. Nxd4 Nc6 6. Bb5 Bd7 7. Bxc6 bxc6 8.
Qe2 Qb6 9. N4f3 Be7 10. O-O a5 11. Rd1 Bc8 12. e5 Ba6 13. Qe1 a4 14. Nf1 Bc5
15. Ng3 Ne7 16. Nh5 Kf8 17. c3 Ng6 18. Nd4 Be7 19. b4 axb3 20. axb3 c5 21. Nf3
f6 22. exf6 gxf6 23. b4 cxb4 24. cxb4 Kf7 25. Bb2 Bxb4 26. Bc3 Be7 27. Bd4 Qc6
28. Qd2 e5 29. Bb2 h6 30. Ng3 Nf4 31. Bxe5 Ng6 32. Bb2 Bc4 33. Rxa8 Qxa8 34.
Nf5 Qc8 35. N3d4 h5 36. Re1 Qb8 37. Nc6 1-0

[Event "Oberliga Ost A 2016 2017"]
[Site "Germany"]
[Date "2017.03.19"]
[Round "8.5"]
[White "Boehm, Robert"]
[Black "Schuster, Martin"]
[Result "1/2-1/2"]
[WhiteElo "2133"]
[BlackElo "2223"]
[PlyCount "93"]
[EventDate "2016.10.16"]
[EventType "team-tourn"]
[EventCountry "GER"]
[WhiteTeam "Hoyerswerda FVS ASP"]
[BlackTeam "Loeberitz SG"]
[WhiteTeamCountry "GER"]
[BlackTeamCountry "GER"]

1. Nf3 d5 2. d4 Nf6 3. c4 e6 4. Nc3 Be7 5. Bf4 c6 6. e3 Nbd7 7. h3 O-O 8. c5
Ne4 9. Nxe4 dxe4 10. Nd2 e5 11. dxe5 Nxc5 12. Nc4 Be6 13. Qxd8 Rfxd8 14. Rc1
Nd3+ 15. Bxd3 Bb4+ 16. Ke2 exd3+ 17. Kd1 d2 18. Rc2 Bf5 19. a3 Bxc2+ 20. Kxc2
Be7 21. Rd1 b5 22. Nxd2 Rd5 23. Ne4 Rad8 24. Rxd5 Rxd5 25. Bg3 a5 26. f4 Rd7
27. Be1 b4 28. axb4 axb4 29. b3 Ra7 30. Kb2 f6 31. exf6 gxf6 32. g4 Kf7 33. f5
Ra5 34. Bg3 Rd5 35. Kc2 h5 36. Bf4 hxg4 37. hxg4 Bc5 38. Bh6 Bd6 39. Nd2 Be5
40. Nc4 Bc3 41. e4 Rd8 42. g5 fxg5 43. Bxg5 Rg8 44. Nd6+ Kf8 45. Be3 Ke7 46.
Nc4 Kf6 47. Kd3 1/2-1/2

[Event "Oberliga Ost A 2016 2017"]
[Site "Germany"]
[Date "2017.03.19"]
[Round "8.6"]
[White "Otikova, Elina"]
[Black "Schuh, Ruediger"]
[Result "1-0"]
[WhiteElo "2007"]
[BlackElo "2026"]
[PlyCount "127"]
[EventDate "2016.10.16"]
[EventType "team-tourn"]
[EventCountry "GER"]
[WhiteTeam "Loeberitz SG"]
[BlackTeam "Hoyerswerda FVS ASP"]
[WhiteTeamCountry "GER"]
[BlackTeamCountry "GER"]

1. e4 d6 2. d4 Nf6 3. Nc3 g6 4. h3 Bg7 5. Nf3 O-O 6. Be3 c6 7. a4 Qa5 8. Nd2
Qc7 9. Be2 b6 10. O-O Bb7 11. a5 b5 12. b4 e5 13. dxe5 dxe5 14. Bd3 Na6 15. Rb1
Qe7 16. Na2 Rfd8 17. Qe2 Nh5 18. c4 Qd7 19. Bc2 Nf4 20. Bxf4 exf4 21. Rfd1 Qe8
22. Nf3 Nc7 23. Bb3 a6 24. c5 Qe7 25. Rbc1 Ne6 26. e5 Rf8 27. Rd6 Ng5 28. Nxg5
Qxg5 29. e6 fxe6 30. Bxe6+ Kh8 31. Qf3 Be5 32. Rd3 Rad8 33. Rcd1 Rxd3 34. Rxd3
Qe7 35. Qg4 Qf6 36. Bd7 Rd8 37. Qd1 Bc7 38. Nc3 Qe5 39. f3 Qe7 40. Ne4 Be5 41.
Bg4 Rd5 42. h4 Qxh4 43. Rxd5 cxd5 44. Nd6 Qe7 45. Nxb7 Qxb7 46. Be6 d4 47. Ba2
Kg7 48. Qb3 Qc7 49. Qg8+ Kh6 50. Qf7 Qd8 51. Qd5 Qe7 52. Qe6 Qg5 53. Qh3+ Kg7
54. Qd7+ Kh6 55. c6 Qg3 56. Qh3+ Kg7 57. Qxg3 fxg3 58. Be6 Kf6 59. Bc8 Ke7 60.
Bxa6 d3 61. Kf1 Kd6 62. Bxb5 Bc3 63. a6 Bd4 64. Ba4 1-0

[Event "Oberliga Ost A 2016 2017"]
[Site "Germany"]
[Date "2017.03.19"]
[Round "8.7"]
[White "Heyme, Sibylle"]
[Black "Boehm, Christian"]
[Result "0-1"]
[WhiteElo "2036"]
[BlackElo "2018"]
[PlyCount "68"]
[EventDate "2016.10.16"]
[EventType "team-tourn"]
[EventCountry "GER"]
[WhiteTeam "Hoyerswerda FVS ASP"]
[BlackTeam "Loeberitz SG"]
[WhiteTeamCountry "GER"]
[BlackTeamCountry "GER"]

1. e4 e5 2. Nc3 Nf6 3. g3 d5 4. exd5 Nxd5 5. Bg2 Nb6 6. Nf3 Nc6 7. d3 Be7 8.
O-O O-O 9. Re1 f6 10. a3 a5 11. Bd2 Bg4 12. Qc1 Qd7 13. Be3 Rfe8 14. Rb1 Nd4
15. Bxd4 exd4 16. Ne2 c5 17. c3 Qf5 18. Nd2 Bf8 19. Be4 Qd7 20. Qc2 Be6 21.
cxd4 cxd4 22. Nb3 Rac8 23. Qd1 Bg4 24. Nbxd4 Bc5 25. Nb3 a4 26. Nxc5 Rxc5 27.
Qd2 Rxe4 28. b4 axb3 29. Rxb3 Re6 30. Qb4 Qd5 31. Nf4 Rxe1+ 32. Qxe1 Rc1 33.
Qxc1 Qxb3 34. h3 Qd1+ 0-1

[Event "Oberliga Ost A 2016 2017"]
[Site "Germany"]
[Date "2017.03.19"]
[Round "8.8"]
[White "Klyszcz, Michael"]
[Black "Grohmann, Alexander"]
[Result "1/2-1/2"]
[WhiteElo "1971"]
[BlackElo "1801"]
[PlyCount "78"]
[EventDate "2016.10.16"]
[EventType "team-tourn"]
[EventCountry "GER"]
[WhiteTeam "Loeberitz SG"]
[BlackTeam "Hoyerswerda FVS ASP"]
[WhiteTeamCountry "GER"]
[BlackTeamCountry "GER"]

1. e4 c5 2. Nf3 d6 3. c3 Nf6 4. Bd3 e5 5. Bc2 Be7 6. d4 Qc7 7. O-O O-O 8. Re1
Bg4 9. d5 Ne8 10. h3 Bd7 11. Nbd2 f5 12. exf5 Bxf5 13. Ne4 Nf6 14. Neg5 Bxc2
15. Qxc2 Qd7 16. Ne6 Rc8 17. c4 Na6 18. Nfg5 Nc7 19. Nxc7 Rxc7 20. Ne6 Rcc8 21.
f4 exf4 22. Qe2 Bf8 23. Bxf4 Ne8 24. Qd3 Nc7 25. Ng5 g6 26. Ne4 Qf5 27. Qg3 Ne8
28. Bxd6 Nxd6 29. Nxd6 Bxd6 30. Qxd6 b6 31. Re7 Rf8 32. Rae1 Qf2+ 33. Kh1 Qxb2
34. Qd7 Qc3 35. R1e3 Qd4 36. R3e4 Rf1+ 37. Kh2 Qg1+ 38. Kg3 Qf2+ 39. Kh2 Qg1+
1/2-1/2

[Event "Oberliga Ost A 2016 2017"]
[Site "Germany"]
[Date "2017.03.19"]
[Round "8.1"]
[White "Weitzer, Steffen"]
[Black "Woellermann, Jan"]
[Result "0-1"]
[WhiteElo "2224"]
[BlackElo "2379"]
[PlyCount "80"]
[EventDate "2016.10.16"]
[EventType "team-tourn"]
[EventCountry "GER"]
[WhiteTeam "Leipzig SG II"]
[BlackTeam "Magdeburg SG Aufbau Elbe"]
[WhiteTeamCountry "GER"]
[BlackTeamCountry "GER"]

1. d4 d5 2. Nf3 Nf6 3. Bf4 c5 4. e3 Nc6 5. c3 Qb6 6. Qb3 c4 7. Qc2 Bf5 8. Qc1
e6 9. h3 Be7 10. Nbd2 O-O 11. Be2 Rfc8 12. O-O Qd8 13. Bd1 b5 14. a3 a5 15. Bc2
b4 16. Bxf5 exf5 17. Qc2 Ne4 18. Nxe4 fxe4 19. Nd2 bxa3 20. bxa3 a4 21. f3 f5
22. g4 Bg5 23. fxe4 fxe4 24. Kg2 Be7 25. Rf2 Bh4 26. Rff1 Qd7 27. Qd1 Be7 28.
Rf2 Bh4 29. Rf1 Qe7 30. Qe2 Na5 31. Be5 Rf8 32. Rf4 Bg5 33. Rf5 Rxf5 34. gxf5
Rf8 35. Qg4 Bf6 36. Qf4 Bxe5 37. dxe5 Nc6 38. Rb1 Nxe5 39. Rb6 Ng6 40. Qd6 Qg5+
0-1

[Event "Oberliga Ost A 2016 2017"]
[Site "Germany"]
[Date "2017.03.19"]
[Round "8.2"]
[White "Paul, Johannes"]
[Black "Braun, Gottfried"]
[Result "1/2-1/2"]
[WhiteElo "2297"]
[BlackElo "2240"]
[PlyCount "33"]
[EventDate "2016.10.16"]
[EventType "team-tourn"]
[EventCountry "GER"]
[WhiteTeam "Magdeburg SG Aufbau Elbe"]
[BlackTeam "Leipzig SG II"]
[WhiteTeamCountry "GER"]
[BlackTeamCountry "GER"]

1. d4 d6 2. Nf3 Nf6 3. c4 Nc6 4. Nc3 e5 5. d5 Ne7 6. e4 Ng6 7. g3 Be7 8. h4 h6
9. Bh3 Bxh3 10. Rxh3 Qd7 11. Rh1 c6 12. Kf1 cxd5 13. cxd5 Bd8 14. Qe2 O-O 15.
h5 Ne7 16. Nh4 Bb6 17. Kg2 1/2-1/2

[Event "Oberliga Ost A 2016 2017"]
[Site "Germany"]
[Date "2017.03.19"]
[Round "8.3"]
[White "Schoeneberg, Manfred"]
[Black "Melamed, Tatjana"]
[Result "0-1"]
[WhiteElo "2245"]
[BlackElo "2318"]
[PlyCount "108"]
[EventDate "2016.10.16"]
[EventType "team-tourn"]
[EventCountry "GER"]
[WhiteTeam "Leipzig SG II"]
[BlackTeam "Magdeburg SG Aufbau Elbe"]
[WhiteTeamCountry "GER"]
[BlackTeamCountry "GER"]

1. e4 c5 2. Nf3 e6 3. d4 cxd4 4. Nxd4 Bc5 5. Nb3 Bb6 6. Bd3 Ne7 7. Nc3 O-O 8.
O-O Nbc6 9. Kh1 f5 10. exf5 Nxf5 11. Ne2 d5 12. Bxf5 Rxf5 13. Ned4 Rf7 14. Be3
e5 15. Nxc6 bxc6 16. Bxb6 axb6 17. f3 Qf6 18. Re1 Ra4 19. Nd2 Rh4 20. Qe2 Qh6
21. g3 Rh3 22. Nf1 Qh5 23. f4 exf4 24. Qxh5 Rxh5 25. Re8+ Rf8 26. Rxf8+ Kxf8
27. gxf4 Rf5 28. Kg2 Rxf4 29. Nd2 Bf5 30. c3 Kf7 31. a4 Rg4+ 32. Kf2 Rf4+ 33.
Kg2 Bc2 34. b4 c5 35. bxc5 bxc5 36. a5 Ra4 37. Rxa4 Bxa4 38. a6 Bc6 39. Nf3 Ke6
40. Kg3 Kd6 41. Kf4 Kc7 42. Ne5 Bb5 43. a7 Kb7 44. Nf7 Kxa7 45. Ng5 Bd3 46. Ne6
Kb6 47. Ke5 Kb5 48. Nc7+ Kc4 49. Nxd5 Kb3 50. Kd6 c4 51. Ke5 g5 52. Kd4 h5 53.
Ke3 Kc2 54. h4 gxh4 0-1

[Event "Oberliga Ost A 2016 2017"]
[Site "Germany"]
[Date "2017.03.19"]
[Round "8.4"]
[White "Schoene, Maria"]
[Black "Schunk, Thomas"]
[Result "1-0"]
[WhiteElo "2273"]
[BlackElo "2185"]
[PlyCount "91"]
[EventDate "2016.10.16"]
[EventType "team-tourn"]
[EventCountry "GER"]
[WhiteTeam "Magdeburg SG Aufbau Elbe"]
[BlackTeam "Leipzig SG II"]
[WhiteTeamCountry "GER"]
[BlackTeamCountry "GER"]

1. e4 e5 2. Nf3 d6 3. d4 Nf6 4. Nc3 Nbd7 5. Bc4 Be7 6. O-O O-O 7. Re1 c6 8. a4
b6 9. b3 a6 10. Bb2 Bb7 11. Qd2 b5 12. axb5 axb5 13. Bd3 Rxa1 14. Bxa1 Re8 15.
Ne2 Bf8 16. Ng3 g6 17. c4 bxc4 18. Bxc4 d5 19. dxe5 dxc4 20. exf6 Nc5 21. Qxd8
Rxd8 22. bxc4 Ne6 23. Ne2 Bc5 24. h3 h6 25. Bc3 Ba6 26. Ne5 Ng5 27. Nf4 Rd6 28.
h4 Ne6 29. Nxe6 Rxe6 30. Nd7 Bd6 31. e5 Bf8 32. Ra1 c5 33. Ra5 Bc8 34. Nxf8
Kxf8 35. Rxc5 Re8 36. Rc7 Be6 37. Bb4+ Kg8 38. Bd6 Ra8 39. c5 Ra1+ 40. Kh2 Ra4
41. Re7 Rxh4+ 42. Kg3 Rg4+ 43. Kf3 Rg5 44. Re8+ Kh7 45. Rxe6 fxe6 46. c6 1-0

[Event "Oberliga Ost A 2016 2017"]
[Site "Germany"]
[Date "2017.03.19"]
[Round "8.6"]
[White "Sieber, Fiona"]
[Black "Pietzsch, Manuel"]
[Result "1-0"]
[WhiteElo "2236"]
[BlackElo "2107"]
[PlyCount "49"]
[EventDate "2016.10.16"]
[EventType "team-tourn"]
[EventCountry "GER"]
[WhiteTeam "Magdeburg SG Aufbau Elbe"]
[BlackTeam "Leipzig SG II"]
[WhiteTeamCountry "GER"]
[BlackTeamCountry "GER"]

1. e4 c5 2. Nf3 Nc6 3. d4 cxd4 4. Nxd4 e5 5. Nb5 a6 6. Nd6+ Bxd6 7. Qxd6 Qe7 8.
Qd1 Nf6 9. Nc3 d6 10. Be3 b5 11. a4 b4 12. Nd5 Nxd5 13. exd5 Nb8 14. a5 O-O 15.
Qd2 f5 16. Qxb4 f4 17. Bb6 Bf5 18. Be2 Rc8 19. Rc1 Nd7 20. O-O Bxc2 21. Bg4 Bd3
22. Rfd1 Bb5 23. Bc7 Nc5 24. Bxc8 Rxc8 25. Bb6 1-0